| 000 | 00971nac a22002411u 4500 | ||
|---|---|---|---|
| 010 | _a 2005053103 | ||
| 020 | _a0824758889 (alk. paper) | ||
| 035 | _a(OCoLC)ocm61200851 | ||
| 082 | 0 | 0 |
_a671.5 _bSt451 |
| 090 |
_c1938 _d1938 |
||
| 100 | _aStephenson, David A., | ||
| 245 | 1 | 0 |
_aMetal cutting theory and practice / _cDavid A. Stephenson, John S. Agapiou. |
| 250 | _a2nd ed. | ||
| 260 |
_aBoca Raton, FL : _bCRC Taylor & Francis, _c2006. |
||
| 300 |
_axvii, 846 p. : _bill. ; _c27 cm. |
||
| 440 | 0 |
_aManufacturing engineering and materials processing ; _v68 |
|
| 504 | _aIncludes bibliographical references and index. | ||
| 650 | 0 | _aMetal-cutting. | |
| 700 | 1 | _aAgapiou, John S. | |
| 856 | 4 | 2 |
_3Publisher description _uhttp://www.loc.gov/catdir/enhancements/fy0648/2005053103-d.html |
| 942 |
_cBB _k671.5 |
||
| 999 |
_c1938 _d1938 |
||